000 nam a22 4500
999 _c29766
_d29766
008 180718b xxu||||| |||| 00| 0 eng d
020 _a9780697797674
050 _aPE 1137 .A2E54 2011
245 _aDevelopmental English Cutom book sample :
_bReading & writing/
260 _aUSA. :
_bMc Graw-Hill campanies
_c2011
300 _aiv,278p. :
_bill. ;
_c27cm
650 _a English language
_xTextbooks for foreign speakers.
650 _aEnglish language
_xComposition and exercises.
942 _2lcc
_cBOOKS
_hPE 1137 .A2E54 2011